| Tag |
First Indicator |
Second Indicator |
Subfields |
| LEADER |
00000cam a2200000 4500 |
| 001 |
in00000031593 |
| 005 |
20151007061732.0 |
| 008 |
721110s1947 nyuacf 00010 eng u |
| 010 |
|
|
|a 47002634
|
| 035 |
|
|
|a (OCoLC)00492282
|
| 035 |
|
|
|9 AAD2911AM
|
| 040 |
|
|
|c WSU
|d TXA
|d UtOrBLW
|
| 049 |
|
|
|a TXAM
|c [185078]
|
| 050 |
|
0 |
|a GV967
|b .D28
|
| 092 |
|
|
|a 796.352
|b D192n
|
| 100 |
1 |
|
|a Dante, James.
|
| 245 |
1 |
4 |
|a The nine bad shots of golf and what to do about them /
|c by Jim Dante, and Leo Diegel in collaboration with Len Elliott.
|
| 264 |
|
1 |
|a New York,
|a London :
|b Whittlesey house, McGraw-Hill,
|c [1947]
|
| 264 |
|
4 |
|c [©1947]
|
| 300 |
|
|
|a xi, 189 (i.e. 191) pages :
|b frontispiece (portraits) illustrations, plates. ;
|c 21 cm.
|
| 336 |
|
|
|a text
|b txt
|2 rdacontent
|
| 337 |
|
|
|a unmediated
|b n
|2 rdamedia
|
| 338 |
|
|
|a volume
|b nc
|2 rdacarrier
|
| 650 |
|
0 |
|a Golf.
|
| 700 |
1 |
|
|a Diegel, Leo.
|
| 700 |
1 |
|
|a Elliott, Leonard M.
|
| 999 |
|
|
|a MARS
|
| 999 |
f |
f |
|s 75a0ea3e-2d18-356a-b4c0-421f5ff88ade
|i a87a21d9-45db-3336-845d-6df84501e172
|t 0
|
| 952 |
f |
f |
|p ric
|a Texas A&M University
|b Rellis Campus
|c Joint Library Facility
|d Remote Storage
|t 0
|e GV967 .D28
|h Library of Congress classification
|i unmediated -- volume
|m A14801184927
|
| 998 |
f |
f |
|a GV967 .D28
|t 0
|l Remote Storage
|